Human Ecology (Record no. 16921)
[ view plain ]
| 000 -LEADER | |
|---|---|
| fixed length control field | 00258nam a22000977a 4500 |
| 008 - FIXED-LENGTH DATA ELEMENTS--GENERAL INFORMATION | |
| fixed length control field | 140207t xxu||||| |||| 00| 0 eng d |
| 100 ## - MAIN ENTRY--PERSONAL NAME | |
| Personal name | Amos H, Hawley |
| 9 (RLIN) | 662 |
| 245 ## - TITLE STATEMENT | |
| Title | Human Ecology |
| Remainder of title | A theory of community structure |
| 300 ## - PHYSICAL DESCRIPTION | |
| Extent | viii, 456 p. : |
| 942 ## - ADDED ENTRY ELEMENTS (KOHA) | |
| Source of classification or shelving scheme | |
| Koha item type | Book |
| Withdrawn status | Lost status | Source of classification or shelving scheme | Damaged status | Not for loan | Collection code | Permanent Location | Current Location | Date acquired | Total Checkouts | Full call number | Barcode | Date last seen | Price effective from | Koha item type |
|---|---|---|---|---|---|---|---|---|---|---|---|---|---|---|
| Atta-ur-Rahman School of Applied Biosciences (ASAB) | Atta-ur-Rahman School of Applied Biosciences (ASAB) | 02/07/2014 | 301.1 HAW | ASAB293 | 02/07/2014 | 02/07/2014 | Book | |||||||
| Atta-ur-Rahman School of Applied Biosciences (ASAB) | Atta-ur-Rahman School of Applied Biosciences (ASAB) | 02/07/2014 | 301.1 HAW | ASAB292 | 01/18/2016 | 02/07/2014 | Book |
